| 000 | 00521nam a22001577a 4500 | ||
|---|---|---|---|
| 003 | NUST | ||
| 005 | 20221124121840.0 | ||
| 082 | _a621.38132,DUG | ||
| 100 |
_aDugger, William _9101376 |
||
| 245 |
_aBasic Electronics Systems Technology : _bMeasurement and control Unit-6 / _cWilliam Dugger |
||
| 260 |
_aBRUCE Hills _b USA _c1973 |
||
| 300 | _a113 p | ||
| 505 | _aMeasurement (Page-1), Control (Page-24), Remote control (Page-68), Applications (Page-81), | ||
| 650 | _aTelecommunication Engineering | ||
| 942 |
_2ddc _cBK |
||
| 999 |
_c592474 _d592474 |
||